000 01075nam a2200265Ia 4500
003 OSt
005 20221005104650.0
006 a|||||r|||| 00| 0
007 ta
008 221004b |||||||| |||| 00| 0 hin d
020 _a9789385539145 (hbk)
_c525
024 _a25097
037 _b310, 25/02/2016, Vidyanidhi Prakashan
_cTextual
040 _aCRL
_cCRL
_bhin
041 _2hin
_ahin
082 _aR694:g, 152Q6
100 _aनीरजा कुमारी
245 0 _aअपोहवाद - एक विश्वेड्ढण
_b कुमारिल कृत खण्डन के आधार पर
246 _aApohavād - ek vishveḍḍhaṇa: kumāril kṛut khaṇḍan ke ādhār para
260 _aदिल्ली
_bविद्यानिधि प्रकाशन भारत
_c2016
300 _a213पृ0
_ccm.
650 _aभारतीय दर्शन
942 _hR694:g, 152Q6
_cTEXL
_2cc
999 _c1013430
_d1013430